000 00735nam a2200229Ia 4500
001 550
003 GE_BSU
008 181216s||||||||xx |||||||||||||| ||und||
040 _cGE_BSU
080 _a811.353.1-26+81'25
100 _aვერძაძე, ნური
245 _aლექსის ენა და თარგმანი
245 _cრედ.: ო. ბაქანიძე
260 _aთბილისი
260 _bთბილ. უნ-ტის გამ-ბა,
260 _c1989
300 _a164გვ.
541 _h5 ლ.
653 _aმხატვრული თარგმანი
653 _aქართული ლიტერატურული ენა
942 _cBK
999 _c34752
_d34752